|
|
|
|
| LEADER |
00000nam a2200000Ii 4500 |
| 001 |
DIGINDE0154 |
| 003 |
NyNyDIG |
| 006 |
m o d |
| 007 |
cr ||||||||||| |
| 008 |
230314s2021 sp a ob 000 0 spa d |
| 035 |
|
|
|a (OCoLC)1356006217
|
| 040 |
|
|
|a DGITA
|b eng
|e rda
|e pn
|c DGITA
|
| 020 |
|
|
|a 9788497296564
|q eBook
|
| 020 |
|
|
|z 9788497294089
|
| 050 |
1 |
4 |
|a GV1060.5 ebook
|
| 082 |
0 |
4 |
|a 796.42
|
| 245 |
0 |
0 |
|a Atletismo para jóvenes /
|c Juan Alfonso García Roca, Antonio Sánchez Pato, María Caridad Hernández Guardiola (coordinadores)
|
| 250 |
|
|
|a Primera edición.
|
| 264 |
|
1 |
|a [Barcelona] :
|b INDE,
|c 2021.
|
| 300 |
|
|
|a 1 online resource :
|b illustrations.
|
| 336 |
|
|
|a text
|b txt
|2 rdacontent
|
| 337 |
|
|
|a computer
|b c
|2 rdamedia
|
| 338 |
|
|
|a online resource
|b cr
|2 rdacarrier
|
| 347 |
|
|
|a text file
|2 rdaft
|
| 347 |
|
|
|b PDF
|
| 504 |
|
|
|a Includes bibliographical references.
|
| 588 |
0 |
|
|a Online resource; title from PDF title page (Digitalia, viewed March 14, 2023)
|
| 650 |
|
0 |
|a Track and field.
|
| 700 |
1 |
|
|a García Roca, Juan Alfonso,
|e editor.
|
| 700 |
1 |
|
|a Sánchez Pato, Antonio,
|e editor.
|
| 700 |
1 |
|
|a Hernández Guardiola, María Caridad,
|e editor.
|
| 791 |
2 |
|
|a Digitalia (Firm),
|e distributor.
|
| 793 |
0 |
|
|g Digitalia eBook Collection:
|a Inde
|
| 776 |
0 |
8 |
|i Print version:
|t Atletismo para jóvenes.
|d [Barcelona] :
|b INDE, [2021]
|z 9788497294089
|
| 856 |
4 |
0 |
|3 Digitalia Hispánica
|u https://www.digitaliapublishing.com/a/116004/
|
| 910 |
|
|
|a Premium collection: 2023
|